000 00472nam a2200169Ia 4500
003 GCL
008 140319s9999 xx 000 0 ara d
040 _aGCL /
_cGCL
082 0 4 _a330
_bم م
100 1 _aمنصور ميلاد يونس
245 1 0 _aمبادىء المالية العامة /
_cمنصور ميلاد يونس
300 _a229 ص
490 _a100 قصة
_v0
650 0 4 _aالاقتصاد
650 0 4 _aالمالية العامة
942 _2ddc
_cBK
999 _c43532
_d43532